000 01005nam a2200253Ii 4500
003 JO-AjNU
005 20240110122528.0
008 230605s9999||||xx |||||||||||||| ||und||
017 _a2008/2/533
020 _a9957-16-392-1
040 _aJO-AjNU
_bara
_erda
_cJO-AjNU
041 _aara
050 1 4 _aJZ1405.S53.2011
100 3 _a الشامي ، علي حسين ، تقديم الحص ، سليم ، مقدمة المجذوب ، محمد ,
_eauthor
_931332
245 0 0 _aالدبلوماسية : نشأتها و تطورها و قواعدها و نظام الحصانات و الإمتيازات الدبلوماسية 
250 _aط5
264 3 1 _aعمان : دار الثقافة ، 2011
300 _a847ص
336 _atext
_btxt
_2rdacontent
337 _aunmediated
_bn
_2rdamedia
338 _avolume
_bnc
_2rdacarrier
650 4 _aالدبلوماسية -- العلاقات الدولية -- الامتيازات والحصانات الدبلوماسية
_931333
942 _2lcc
_cBK
999 _c16090
_d16090